In the wake of Midland Expressway (Record no. 76893)
[ view plain ]
| 000 -LEADER | |
|---|---|
| fixed length control field | 01113cab a2200205 4500 |
| 001 - CONTROL NUMBER | |
| control field | ##L133261 |
| 008 - FIXED-LENGTH DATA ELEMENTS--GENERAL INFORMATION | |
| fixed length control field | 060424n2006 000 0 eng u |
| 035 ## - SYSTEM CONTROL NUMBER | |
| System control number | (Sirsi) u133261 |
| 041 0# - LANGUAGE CODE | |
| Language code of text/sound track or separate title | eng |
| 100 1# - MAIN ENTRY--PERSONAL NAME | |
| Personal name | Rowson, Stuart |
| 245 00 - TITLE STATEMENT | |
| Title | In the wake of Midland Expressway |
| 260 ## - PUBLICATION, DISTRIBUTION, ETC. | |
| Date of publication, distribution, etc. | 2006 |
| 490 #0 - SERIES STATEMENT | |
| Series statement | Building |
| Volume/sequential designation | 271(8427) 21 April 2006, 70-71(2) |
| 520 ## - SUMMARY, ETC. | |
| Summary, etc. | Considers the implications of the decision in "Midland Expressway v Carillion Construction Ltd" ([2005] EWHC 2963, L132321) for PFI subcontracting. Examines the circumstances in which Equivalent Project Relief (EPR) provisions can be challenged, and the steps that can be taken by project companies to mitigate the risk of claims from subcontractors. These include share transfer restrictions, subordination of claims provisions, or inclusion of a longstop final date for any monetary EPR claims. |
| 590 ## - LOCAL NOTE (RLIN) | |
| Local note | IKA250406 |
| 650 24 - SUBJECT ADDED ENTRY--TOPICAL TERM | |
| Topical term or geographic name entry element | MIDLAND EXPRESSWAY V CARILLION CONSTRUCTION LTD AND OTHERS |
| 690 ## - LOCAL SUBJECT ADDED ENTRY--TOPICAL TERM (OCLC, RLIN) | |
| Topical term or geographic name as entry element | MANAGEMENT-DISPUTE AVOIDANCE, MANAGEMENT AND RESOLUTION-DISPUTE MANAGEMENT AND RESOLUTION |
| 700 1# - ADDED ENTRY--PERSONAL NAME | |
| Personal name | Caridia, Simon |
| 942 ## - ADDED ENTRY ELEMENTS (KOHA) | |
| Suppress in OPAC | 0 |
| Withdrawn status | Lost status | Source of classification or shelving scheme | Damaged status | Not for loan | Home library | Current library | Shelving location | Date acquired | Total Checkouts | Full call number | Barcode | Date last seen | Copy number | Price effective from | Koha item type |
|---|---|---|---|---|---|---|---|---|---|---|---|---|---|---|---|
| Dewey Decimal Classification | London | London | Journal article | 24/04/2006 | L133261 | 133261-1001 | 06/08/2019 | 1 | 06/08/2019 | Journal article |